00383nam a22001337a 450000500170000000800410001704100230005808200130008110000230009424500460011726000380016330000230020165000250022420240910084440.0240828b |||||||| |||| 00| 0 eng d aEnglish/Afrikaans  a349 LAW  lEnglish/Afrikaans  aThe Laws of the Republic of Namibia 1996  aWindhoek: bBy Authority, c1996  b19 pages; c30 cm. aLegal practice bLaw